Statistics and finance : an introduction
Αποθηκεύτηκε σε:
| Κύριος συγγραφέας: | |
|---|---|
| Μορφή: | Βιβλίο |
| Γλώσσα: | English |
| Δημοσίευση: |
New York :
Springer,
c2004
|
| Σειρά: | Springer texts in statistics
|
| Θέματα: | |
| Ετικέτες: |
Προσθήκη ετικέτας
Δεν υπάρχουν, Καταχωρήστε ετικέτα πρώτοι!
|
MARC
| LEADER | 00000nam a2200000 i 4500 | ||
|---|---|---|---|
| 001 | 1/72759 | ||
| 008 | 050307s2004 eng d | ||
| 020 | |a 0-387-20270-6 (hbk.) | ||
| 035 | |l 10076910 | ||
| 040 | |a GR-MY-UA |b gre |e aacr | ||
| 041 | 0 | |a eng | |
| 082 | 0 | |a 332.015195 |2 (21) | |
| 100 | 1 | |a Ruppert, David |d 1948- | |
| 245 | 1 | 0 | |a Statistics and finance : |b an introduction / |c David Ruppert |
| 260 | |a New York : |b Springer, |c c2004 | ||
| 300 | |a xxi, 473 σ.; |b εικ.; |c 24 εκ. | ||
| 490 | 1 | |a Springer texts in statistics | |
| 504 | |a Περιλαμβάνει ευρετήριο | ||
| 650 | 0 | 0 | |a Finance |x Statistical methods. |
| 650 | 0 | 0 | |a Statistics. |
| 830 | 0 | |a Springer texts in statistics | |
| 852 | |a INST |b CHIOS |e 20050307 |h 332.015195 RUP |p 005200022201 |q 005200022201 |t BK |y 0 | ||
| 901 | |a BIBL2-2005-1 | ||
| 909 | |a Χ |b 112696 | ||
| 920 | |a ΔΙΕΥΡΥΝΣΗ |b ΕΠΕΑΕΚ-ΤΜΟΔ |y ΧΙΟΣ |z 2004-12 | ||
| 970 | |a ΣΠΕΝΤΖΑ |b ΕΛΕΝΗ |z 2005/03/07 | ||